The quest for Indian sociology : (Record no. 97542)

MARC details
000 -LEADER
fixed length control field 00840nam a22002417a 4500
005 - DATE AND TIME OF LATEST TRANSACTION
control field 20151126122900.0
010 ## - LCCN (DPL NO)
LC control number ENG-114178
020 ## - INTERNATIONAL STANDARD BOOK NUMBER
International Standard Book Number 9789382396147
Terms of availability 450.00
035 ## - SYSTEM CONTROL NUMBER
System control number EN-97710
037 ## - SOURCE OF ACQUISITION
Source of stock number/acquisition DBAD/PUB
082 ## - DEWEY DECIMAL CLASSIFICATION NUMBER
Classification number 301.0954
100 ## - MAIN ENTRY--PERSONAL NAME
Personal name Thakur, Manish
245 ## - TITLE STATEMENT
Title The quest for Indian sociology :
Statement of responsibility, etc by Manish Thakur
Remainder of title Radhakamal Mukerjee and our times /
260 ## - PUBLICATION, DISTRIBUTION, ETC. (IMPRINT)
Place of publication, distribution, etc Shimla
Name of publisher, distributor, etc Indian Institute of Advanced Study,
Date of publication, distribution, etc 2014
270 ## - ADDRESS
Address Rashtrapati Nivas,
City Shimla
Postal code 171005
300 ## - PHYSICAL DESCRIPTION
Extent x,205p.
Dimensions 23cm(Hb)
500 ## - GENERAL NOTE
General note Includes bibliographical references (pages 179-201) and index.
600 ## - SUBJECT ADDED ENTRY--PERSONAL NAME
Personal name Mukerjee, Radhakamal,
Dates associated with a name 1889-1968.
650 ## - SUBJECT ADDED ENTRY--TOPICAL TERM
Topical term or geographic name as entry element Sociology
Geographic subdivision India
General subdivision History.
650 ## - SUBJECT ADDED ENTRY--TOPICAL TERM
Topical term or geographic name as entry element Sociology
General subdivision Methodology.
710 ## - ADDED ENTRY--CORPORATE NAME
Corporate name or jurisdiction name as entry element Indian Institute of Advanced Study,
942 ## - ADDED ENTRY ELEMENTS (KOHA)
Source of classification or shelving scheme Dewey Decimal Classification
Item type English Books
Call number suffix THA
Classification part 301.0954
Holdings
Withdrawn status Lost status Not for loan Collection code Home library Current library Date acquired Source of acquisition Cost, normal purchase price Full call number Barcode Copy number Cost, replacement price Koha item type
    Not For Loan Non-fiction D.B.Act.Division D.B.Act.Division 29/09/2015 DBAD/PUB 450.00 301.0954 THA EN-97710 1 450.00 English Books

© Delhi Public Library
Hit Counter
free hit counter